| 000 | 00899nam a2200121Ia 4500 | ||
|---|---|---|---|
| 008 | 220615s9999||||xx |||||||||||||| ||und|| | ||
| 100 | _aJarvis, Pam | ||
| 245 | 2 | _aA British Childhood? Some Historical Reflections on Continuities and Discontinuities in the Culture of Anglophone Childhood | |
| 546 | _aEnglish[eng] | ||
| 650 | _aplay||institutionalisation||social reproduction||media||human evolution||children||purposes of nursery schooling||early-years education history||school readiness||poverty||early childhood education||abandonment||colonialism||racism||schooling for parental responsibility||childhood||early-years education||apartheid||foundling hospital||Africa||narrative||under-fives in elementary schools||urban Lancashire demographic sample 1901||storying||mythology||open-air nursery||maternal duties||Susan Isaacs | ||
| 856 | _uhttps://mdpi.com/books/pdfview/book/1895 | ||
| 942 | _cEB | ||
| 999 |
_c17444 _d17444 |
||